[Event "23rd Hampstead: U2200"]
[Site "London, England"]
[Date "2014.11.29"]
[Round "1"]
[White "Oliveri, Claudio"]
[Black "Jaunooby, Ali R"]
[Result "0-1"]
[WhiteElo "1708"]
[BlackElo "2175"]

1. e4 c5 2. Nf3 d6 3. d4 cxd4 4. Nxd4 Nf6 5. f3 e5 6. Nb3 d5 7. Bg5 Be6 8.
Bxf6 gxf6 9. exd5 Bxd5 10. Nc3 Bb4 11. Qd3 Nc6 12. O-O-O Be6 13. Qb5 Qb6 14.
Nd5 Bxd5 15. Qxb6 axb6 16. Rxd5 Rxa2 17. Kb1 Ra7 18. c3 Be7 19. Nd2 O-O 20.
Nc4 Rfa8 21. Rd1 Ra1+ 22. Kc2 Rxd1 23. Kxd1 Ra1+ 24. Kc2 b5 25. Nd2 Na5 26. h4
b4 27. Nb3 Nxb3 28. Kxb3 bxc3 29. Kxc3 f5 30. g3 Re1 31. Bg2 Re2 32. Bf1 Re3+
33. Kc2 Rxf3 34. Bd3 e4 35. Bc4 Rxg3 36. Rf1 Rg2+ 37. Kb1 Bf6 38. b3 b5 39.
Bd5 Rb2+ 40. Kc1 e3 41. Rg1+ Kf8 42. h5 Rd2 43. Bf3 Bb2+ 44. Kb1 Bc3 45. Rg2
Rxg2 46. Bxg2 e2 {#R} 0-1

[Event "23rd Hampstead: U2200"]
[Site "London, England"]
[Date "2014.11.29"]
[Round "1"]
[White "Dignam, Matthew"]
[Black "Pride, Stephen"]
[Result "1-0"]
[WhiteElo "2136"]
[BlackElo "1708"]

1. d4 c5 2. d5 e5 3. e4 d6 4. f4 exf4 5. Bxf4 Ne7 6. Nf3 Ng6 7. Bg3 Be7 8.
Nbd2 Bg4 9. Bb5+ Nd7 10. Nc4 Bxf3 11. Qxf3 Qc7 12. e5 Ngxe5 13. Bxe5 dxe5 14.
d6 Bxd6 15. Nxd6+ Qxd6 16. Rd1 Qf6 17. Bxd7+ Ke7 18. Qd5 {#r} 1-0

[Event "23rd Hampstead: U2200"]
[Site "London, England"]
[Date "2014.11.29"]
[Round "1"]
[White "Pepe, Salvatore"]
[Black "Verma, Aditya"]
[Result "0-1"]
[WhiteElo "1688"]
[BlackElo "1611"]

1. d4 Nf6 2. Nf3 e6 3. c4 Bb4+ 4. Nbd2 c5 5. a3 Bxd2+ 6. Qxd2 cxd4 7. Nxd4 d5
8. cxd5 Qxd5 9. e3 e5 10. Nf3 Qxd2+ 11. Bxd2 e4 12. Bb5+ Bd7 13. Nd4 O-O 14.
Rc1 a6 15. Bxd7 Nbxd7 16. Rc7 Rab8 17. Ke2 Rfc8 18. Rhc1 Nb6 19. Nf5 Nfd5 20.
Rxc8+ Rxc8 21. Rxc8+ Nxc8 22. Ng3 Nd6 23. Bc1 f5 24. Kd2 f4 25. Nh5 fxe3+ 26.
fxe3 Kf7 27. b3 g6 28. Ng3 Ke6 29. Bb2 Ne7 30. Ne2 Nef5 31. Nf4+ Kf7 32. Be5
g5 33. Nh3 h6 34. a4 Ke6 35. Bc3 Nh4 36. Ng1 Nf7 37. Bg7 b5 38. Kc3 Kd5 39.
Kb4 Nxg2 40. Bd4 Kc6 41. Ne2 Ne1 42. Ka5 Kb7 43. Ng3 Nd6 44. Bc5 Nf3 45. Nxe4
Ne5 46. Bd4 Nc6# 0-1

[Event "23rd Hampstead: U2200"]
[Site "London, England"]
[Date "2014.11.29"]
[Round "1"]
[White "Bisereko Pafura Godfrey"]
[Black "Rubandhas, Samprabhu"]
[Result "1-0"]
[WhiteElo "2109"]
[BlackElo "1682"]

1. d4 Nf6 2. c4 e6 3. Nf3 d5 4. Nc3 c6 5. Bg5 Be7 6. e3 Nbd7 7. Bd3 dxc4 8.
Bxc4 Nd5 9. Bxe7 Qxe7 10. O-O O-O 11. Rc1 N5f6 12. e4 e5 13. Re1 b5 14. Bb3
Bb7 15. d5 b4 16. Na4 cxd5 17. Rc7 Rab8 18. exd5 Qd6 19. Qc2 Rfc8 20. Rc1 Rxc7
21. Qxc7 Qxc7 22. Rxc7 Kf8 23. Nd2 Ke7 24. Nc5 Kd6 25. Rxb7 Rc8 26. Nce4+ Nxe4
27. Nxe4+ Ke7 28. g4 Rc1+ 29. Kg2 Kd8 30. Rxa7 Rc7 31. Ra8+ Rc8 32. Rxc8+ Kxc8
33. Nd6+ Kc7 34. Nxf7 Kb6 35. Kf3 Kc5 36. Ke4 g6 37. g5 Kb5 38. Nxe5 Nc5+ 39.
Kd4 Nxb3+ 40. axb3 Kb6 41. d6 Kb7 42. Kd5 Kc8 43. Ke6 Kd8 44. d7 {#r} 1-0

[Event "23rd Hampstead: U2200"]
[Site "London, England"]
[Date "2014.11.29"]
[Round "1"]
[White "Snook-Lumb, Chris"]
[Black "Grieve, Harry"]
[Result "0-1"]
[WhiteElo "1682"]
[BlackElo "1882"]

1. c4 Nf6 2. g3 g6 3. Bg2 Bg7 4. Nf3 c5 5. O-O d6 6. Nc3 e5 7. a3 Nc6 8. Nd5
O-O 9. d3 Nxd5 10. cxd5 Nd4 11. Ng5 h6 12. Ne4 f5 13. e3 Nb5 14. Nc3 Nxc3 15.
bxc3 g5 16. Rb1 Qa5 17. c4 b6 18. f4 Bd7 19. fxg5 hxg5 20. a4 Qxa4 21. Qe2 Be8
22. e4 f4 23. Bd2 Qd7 24. Bf3 Qe7 25. Bg4 Bd7 26. Bh5 Rf6 27. g4 Be8 28. Rf3
Bxh5 29. gxh5 g4 30. Rff1 Qd7 31. Qf2 Rh6 32. Kh1 Rxh5 {#R} 0-1

[Event "23rd Hampstead: U2200"]
[Site "London, England"]
[Date "2014.11.29"]
[Round "1"]
[White "Peiris, T G M."]
[Black "Wu, Haotian"]
[Result "1-0"]
[WhiteElo "2096"]
[BlackElo "1674"]

1. d4 e6 2. c4 f5 3. Nc3 Nf6 4. g3 Be7 5. Bg2 d6 6. Nh3 O-O 7. O-O Nc6 8. Ng5
Ne4 9. Ngxe4 fxe4 10. Nxe4 e5 11. e3 exd4 12. exd4 Bf5 13. Be3 Qd7 14. Qh5 Bg4
15. Qd5+ Be6 16. Qb5 Bh3 17. Bxh3 Qxh3 18. Qxb7 Qd7 19. Qb5 Rf5 20. d5 Ne5 21.
Qxd7 Nxd7 22. f4 Nb6 23. b3 Re8 24. Rae1 Bd8 25. Bd4 h6 26. Bxb6 axb6 27. Nf6+
Bxf6 28. Rxe8+ Kh7 29. Kg2 h5 30. h3 Bd4 31. g4 hxg4 32. hxg4 Rf7 33. Rh1+ Kg6
34. Re6+ Rf6 35. g5 Rxe6 36. dxe6 Bf6 37. Kf3 Kf5 38. gxf6 Kxf6 39. f5 c6 40.
Rg1 {#r} 1-0

[Event "23rd Hampstead: U2200"]
[Site "London, England"]
[Date "2014.11.29"]
[Round "1"]
[White "Sit, Victoria"]
[Black "Taylor, Adam C"]
[Result "0-1"]
[WhiteElo "1632"]
[BlackElo "2048"]

1. d4 Nf6 2. c4 c5 3. d5 b5 4. cxb5 a6 5. b6 d6 6. Nc3 Nbd7 7. e4 g6 8. Nf3
Bg7 9. Bd3 O-O 10. O-O Nxb6 11. h3 Ne8 12. Bc2 Nc7 13. Rb1 Bd7 14. Re1 Nb5 15.
Nxb5 axb5 16. a3 e6 17. dxe6 Bxe6 18. Bf4 d5 19. exd5 Bxd5 20. Be5 Bxe5 21.
Nxe5 Qg5 22. Qg4 Qxg4 23. Nxg4 Rad8 24. Rbd1 Kg7 25. Ne3 Be6 26. Kh2 Rd4 27.
Bd3 Bb3 28. Bc2 Be6 29. Bd3 Bd7 30. Nc2 Rf4 31. Kg3 Rf6 32. Re5 Na4 33. b3 Nb2
34. Rd2 Rd6 35. Ne1 Nxd3 36. Rxd3 Rxd3+ 37. Nxd3 c4 38. Nc5 Bf5 39. bxc4 bxc4
40. Re3 Rc8 41. Na4 Rb8 42. Nc5 Rb5 43. Na4 Bc2 44. Nc3 Ra5 45. Ne4 Bxe4 46.
Rxe4 Rxa3+ 47. Kf4 c3 48. Rc4 Rb3 49. Ke3 Kf6 50. Kd3 Ke5 51. Rxc3 Rxc3+ 52.
Kxc3 Ke4 53. Kd2 g5 54. Ke2 h5 55. g3 f6 56. f3+ Kd4 57. Kd2 f5 58. Ke2 f4 59.
g4 hxg4 60. hxg4 Kc3 61. Ke1 Kd3 62. Kf2 Kd2 63. Kf1 Ke3 64. Kg2 Ke2 {#R} 0-1

[Event "23rd Hampstead: U2200"]
[Site "London, England"]
[Date "2014.11.29"]
[Round "1"]
[White "Kovacs, Zoltan"]
[Black "Sartain, Patrick P"]
[Result "1-0"]
[WhiteElo "2032"]
[BlackElo "1622"]

1. e4 Nc6 2. c4 d6 3. Nc3 Bd7 4. g3 a6 5. Bg2 e5 6. Nge2 Nf6 7. O-O Be7 8. f4
Bg4 9. h3 Bxe2 10. Nxe2 exf4 11. gxf4 Qd7 12. d4 Nxe4 13. Bxe4 Qxh3 14. Bg2
Qd7 15. Qd3 g6 16. Bd2 f5 17. d5 Na7 18. Bc3 Rg8 19. Nd4 O-O-O 20. Ne6 Rde8
21. Rae1 Kb8 22. b3 Bh4 23. Re2 Qf7 24. Bh3 Bf6 25. Bxf6 Qxf6 26. Kh2 Nc8 27.
Rfe1 Rh8 28. Ng5 h6 29. Rxe8 Rxe8 30. Rxe8 hxg5 31. fxg5 Qxg5 32. Qe3 Qf6 33.
Qe6 Qb2+ 34. Bg2 {#r} 1-0

[Event "23rd Hampstead: U2200"]
[Site "London, England"]
[Date "2014.11.29"]
[Round "1"]
[White "Gribben, Chris"]
[Black "Prior, Stephen CV"]
[Result "0-1"]
[WhiteElo "1617"]
[BlackElo "2018"]

1. e4 c5 2. Nf3 d6 3. Bb5+ Nc6 4. Bxc6+ bxc6 5. O-O g6 6. d4 cxd4 7. Qxd4 e5
8. Qd3 Nf6 9. c4 Bg7 10. Nc3 O-O 11. Re1 Ba6 12. Bg5 Qc7 13. b3 Rfe8 14. Rad1
Rad8 15. Qc2 Bb7 16. Rd2 d5 17. Bxf6 Bxf6 18. cxd5 Bg7 19. dxc6 Qxc6 20. Nd5
Qxc2 21. Rxc2 Bxd5 22. exd5 Rxd5 23. Nd2 f5 24. f3 Bf8 25. Nc4 Bb4 26. Rb1 e4
27. fxe4 fxe4 28. Re2 Rd3 29. g3 e3 30. Kg2 Re7 31. Rbb2 Kf7 32. Rbc2 Ke8 33.
Kf3 Bc5 34. Nb2 Rd5 35. Nc4 Rf5+ 36. Kg2 Kd7 37. h3 Re4 38. Rc3 Rf2+ 39. Rxf2
exf2 40. Nd2 Re5 41. Rd3+ Kc6 42. Nc4 Re1 43. Nd2 Rg1+ {#R} 0-1

[Event "23rd Hampstead: U2200"]
[Site "London, England"]
[Date "2014.11.29"]
[Round "1"]
[White "Baroukh, Leon"]
[Black "Gaudeau, Valentin"]
[Result "0-1"]
[WhiteElo "1605"]
[BlackElo "1986"]

1. d4 Nf6 2. c4 e6 3. Nc3 Bb4 4. Bg5 c5 5. e4 Bxc3+ 6. bxc3 Qa5 7. Ne2 Nxe4 8.
Bd2 Nc6 9. d5 Ne7 10. Qc2 Nxd2 11. Qxd2 e5 12. d6 Ng6 13. h4 h5 14. g3 Qd8 15.
Qd5 Qb6 16. f4 Qc6 17. f5 Qxd5 18. cxd5 Nf8 19. c4 b6 20. Nc3 Ba6 21. a4 Rh6
22. Ne4 Nh7 23. a5 Nf6 24. Ng5 Ng4 25. Ne4 Ne3 26. Kf2 Nxf5 27. Nc3 Nxd6 28.
axb6 axb6 29. Nb5 Nxb5 30. cxb5 Bb7 31. Bc4 Ke7 32. Rxa8 Bxa8 33. Ra1 Rh8 34.
Ke3 f5 35. Rd1 Kd6 36. Rf1 g6 37. Ra1 Bb7 38. Ra7 Bxd5 39. Bxd5 Kxd5 40. Rb7
Kc4 41. Rxb6 d5 42. Rb7 d4+ 43. Kd2 e4 44. b6 Kb5 45. Rg7 Kxb6 46. Rxg6+ Kb5
47. Rg5 Rf8 48. Rxh5 f4 49. g4 Kc4 50. Rf5 e3+ 51. Ke1 Rxf5 52. gxf5 f3 53. f6
d3 54. f7 d2+ 55. Kd1 Kd3 {#R} 0-1

[Event "23rd Hampstead: U2200"]
[Site "London, England"]
[Date "2014.11.29"]
[Round "1"]
[White "Briggs, John Nicholas"]
[Black "Samadov, Samir"]
[Result "1-0"]
[WhiteElo "1979"]
[BlackElo "1600"]

1. Nf3 d5 2. d4 Nf6 3. c4 c6 4. cxd5 cxd5 5. Nc3 Bf5 6. Bf4 Nc6 7. e3 Qb6 8.
Bb5 e6 9. O-O Be7 10. Ne5 h6 11. Qa4 Rc8 12. a3 g5 13. Bg3 h5 14. Nxc6 bxc6
15. Ba6 Rd8 16. Be5 Rg8 17. Rac1 Nd7 18. h3 Nxe5 19. dxe5 Kf8 20. Be2 g4 21.
hxg4 Bxg4 22. Bxg4 Rxg4 23. Qc2 Rc8 24. Qh7 Ke8 25. Qxh5 Rg5 26. Qh3 Kd7 27.
f4 Rg7 28. Nxd5 cxd5 29. Rxc8 Kxc8 30. Qh8+ Kd7 31. Qxg7 Qxe3+ 32. Kh2 Qe2 33.
Rf3 Qe4 34. Qg3 Qb1 35. Qf2 f6 36. Qxa7+ Ke8 37. Qa4+ Kf7 38. Qd7 Qxb2 39. Rh3
Qf2 40. Rf3 Qh4+ 41. Kg1 Qe1+ 42. Rf1 Qe3+ 43. Kh2 Qd3 44. Rf3 Qh7+ 45. Rh3
Qe4 46. Rf3 Qh7+ 47. Kg1 Qb1+ 48. Rf1 Qd3 49. exf6 Kxf6 50. Rf3 Qb1+ 51. Kh2
Qe1 52. Qa4 Bc5 53. Qc2 Qg1+ 54. Kh3 Qh1+ 55. Kg4 Qg1 56. Rh3 Ke7 57. a4 Kd6
58. a5 Bf2 59. Kf3 Bc5 60. Qe2 Qb1 61. Rh6 Qf5 62. g4 Qf7 63. f5 Kc7 64. Qxe6
Qg7 65. Rf6 Qg5 66. Rf7+ Be7 67. Rxe7+ Qxe7 68. Qxe7+ Kc6 69. f6 d4 70. f7 d3
71. f8=Q d2 72. Qc8+ Kb5 73. Qeb7+ Ka4 74. Qc4+ Kxa5 75. Qbb5# 1-0

[Event "23rd Hampstead: U2200"]
[Site "London, England"]
[Date "2014.11.29"]
[Round "1"]
[White "Sanitt, Ethan"]
[Black "Hayward, Alan"]
[Result "0-1"]
[WhiteElo "1582"]
[BlackElo "1966"]

1. c4 b6 2. g3 Bb7 3. Nf3 Bxf3 4. exf3 c5 5. d4 cxd4 6. Qxd4 Nc6 7. Qc3 e6 8.
a3 Nf6 9. Bg5 Be7 10. Bg2 Rc8 11. b4 d5 12. O-O h6 13. Bf4 Nh5 14. cxd5 Nxf4
15. Qxg7 Bf6 16. Qg4 Ne2+ 17. Kh1 Bxa1 18. dxc6 Rxc6 19. Qe4 Nd4 20. Rd1 Rd6
21. f4 Nf5 22. Re1 Rd1 23. Qc6+ Kf8 24. Qe4 Rxe1+ 25. Qxe1 Kg7 26. Nc3 Bxc3
27. Qxc3+ Qf6 28. Qe1 Rc8 29. Qd1 Qd4 30. Qg4+ Kh7 31. h3 Qxf2 {#R} 0-1

[Event "23rd Hampstead: U2200"]
[Site "London, England"]
[Date "2014.11.29"]
[Round "1"]
[White "Landau, Jonathan"]
[Black "Gladstone, Joel"]
[Result "1-0"]
[WhiteElo "1966"]
[BlackElo "1575"]

1. e4 e6 2. d4 b6 3. Bd3 Ba6 4. Nf3 Bxd3 5. Qxd3 c5 6. d5 Qc7 7. O-O Bd6 8.
Nc3 a6 9. Re1 e5 10. Nh4 Ne7 11. Ne2 Kd8 12. c4 a5 13. Bd2 Kc8 14. Nc3 Na6 15.
Nb5 Qb8 16. a3 Kb7 17. Qh3 Kc8 18. Nf5 Nxf5 19. Qxf5 f6 20. Re3 Bf8 21. Rh3
Nc7 22. Rxh7 Rxh7 23. Qxh7 Nxb5 24. cxb5 Kb7 25. f4 Qd6 26. Qf5 Re8 27. Rf1
Qc7 28. Qg6 Re7 29. Qg3 d6 30. Bc3 a4 31. fxe5 dxe5 32. Qe1 Qd7 33. Qe2 Rf7
34. Qc4 Qg4 35. Qxa4 c4 36. Qa6+ Kb8 37. Qxb6+ Rb7 38. Qd8+ Qc8 39. Qxc8+ Kxc8
40. a4 Bc5+ 41. Kh1 Ra7 42. a5 Kd7 43. b6 Ra8 44. b7 Rb8 45. a6 Ba7 46. Rc1
Kd6 47. Bb4+ Kc7 48. Rxc4+ Kb6 49. Rc6+ Kb5 50. Bd6 {#r} 1-0

[Event "23rd Hampstead: U2200"]
[Site "London, England"]
[Date "2014.11.29"]
[Round "1"]
[White "Isaksen, Peter A"]
[Black "Kalavannan, Koby"]
[Result "0-1"]
[WhiteElo "1540"]
[BlackElo "1918"]

1. e4 c5 2. c3 e6 3. d4 Nf6 4. e5 Nd5 5. Bc4 Nb6 6. Bb3 cxd4 7. cxd4 d5 8. Nf3
Nc6 9. O-O Bd7 10. Nc3 a6 11. Be3 Rc8 12. Rc1 Na5 13. Nd2 Be7 14. Qg4 Kf8 15.
Bc2 Nac4 16. Nd1 h5 17. Qf3 Kg8 18. b3 Nxd2 19. Bxd2 Ba3 20. Bg6 fxg6 21. Rxc8
Qxc8 22. Ba5 Qc6 23. Qg3 Kh7 24. Nc3 Nc8 25. Ne2 Ne7 26. Qg5 Qb5 27. b4 Qxe2
28. Qxe7 Bb5 {#R} 0-1

[Event "23rd Hampstead: U2200"]
[Site "London, England"]
[Date "2014.11.29"]
[Round "1"]
[White "Sanitt, Leo"]
[Black "Barasi, Paul DI"]
[Result "1/2-1/2"]
[WhiteElo "1520"]
[BlackElo "1836"]

1. d4 d5 2. Nf3 Nc6 3. c4 Bg4 4. e3 e6 5. b3 Bxf3 6. Qxf3 Qf6 7. Qxf6 Nxf6 8.
c5 O-O-O 9. a3 e5 10. dxe5 Nxe5 11. b4 Be7 12. Bb2 Nc6 13. Bb5 Nb8 14. Nd2 c6
15. Be2 Nbd7 16. O-O Rhe8 17. Nb3 g6 18. Nd4 Ne4 19. Bd3 Ng5 20. Rac1 Ne6 21.
Rfe1 Nxd4 22. Bxd4 Bf6 23. Kf1 Re6 24. Be2 Bxd4 25. exd4 Rde8 26. Bg4 f5 27.
Bf3 Nf8 28. g4 Rxe1+ 29. Rxe1 Rxe1+ 30. Kxe1 Ne6 31. gxf5 gxf5 32. Be2 Kd7 33.
Bd3 Nxd4 34. Kd2 Ke6 35. Ke3 Nb5 36. Bxb5 cxb5 37. f4 h6 38. Kd3 h5 39. h4 Kd7
{#d} 1/2-1/2

[Event "23rd Hampstead: U2200"]
[Site "London, England"]
[Date "2014.11.29"]
[Round "1"]
[White "Anbukumar, Hajane"]
[Black "Goldsmith, Jennifer"]
[Result "1-0"]
[WhiteElo "1824"]
[BlackElo "1480"]

1. d4 Nf6 2. Nf3 g6 3. g3 Bg7 4. Bg2 Nc6 5. O-O d5 6. Nbd2 O-O 7. b3 Bf5 8.
Bb2 Re8 9. Ne5 Nxe5 10. dxe5 Nd7 11. Bxd5 Nxe5 12. Bxb7 Rb8 13. Bg2 Qd6 14. e4
Bd7 15. Re1 Qc5 16. Rc1 Ng4 17. Bxg7 Kxg7 18. Qe2 e5 19. Nc4 Nf6 20. a4 Rb4
21. Nb2 Bc6 22. Nd3 Qb6 23. Nxb4 Qxb4 24. Rcd1 Rb8 25. Qe3 h6 26. Qxa7 Rb7 27.
Qe3 Ng4 28. Qe2 Nf6 29. h3 Qc5 30. Rd2 Nh5 31. Qe3 Qb4 32. Ra1 Nf6 33. a5 Nxe4
34. Bxe4 Bxe4 35. f3 Bxf3 36. Qxf3 f6 37. Rd7+ {#r} 1-0

[Event "23rd Hampstead: U2200"]
[Site "London, England"]
[Date "2014.11.29"]
[Round "1"]
[White "Zhao, Haolin"]
[Black "Haridas, Girinath"]
[Result "0-1"]
[WhiteElo "1457"]
[BlackElo "1815"]

1. e4 c5 2. Nc3 Nc6 3. f4 g6 4. Nf3 Bg7 5. Bb5 Nd4 6. O-O a6 7. Bd3 d6 8. Qe1
c4 9. Bxc4 Nxc2 10. Qf2 Nxa1 11. d3 Nf6 12. h3 e6 13. a3 O-O 14. Be3 d5 15.
Ba2 b5 16. Rxa1 Bb7 17. e5 Nd7 18. b4 Rc8 19. Bd4 f6 20. Qe3 fxe5 21. Nxe5
Nxe5 22. fxe5 Qh4 23. Bc5 Rxc5 24. bxc5 Bh6 25. Qe1 Qxe1+ 26. Rxe1 Bd2 27. Rd1
Bxc3 28. d4 Bc6 29. Rd3 Bb2 30. g3 a5 31. a4 bxa4 32. Kg2 Rb8 33. Kf3 Rb4 34.
Ke3 Bc1+ 35. Kf3 Rb2 36. Rd1 Rxa2 37. Rxc1 a3 38. Ke3 Rb2 39. Ra1 a2 40. Kd3
a4 41. Kc3 a3 42. g4 g5 43. Kd3 Kf7 44. Kc3 Ke7 45. Kd3 Kd7 46. Kc3 Kc7 47.
Kd3 Bb5+ 48. Kc3 Bc4 49. h4 Rb1 50. Rxa2 Bxa2 51. hxg5 Bc4 52. g6 hxg6 53. g5
a2 54. Kc2 a1=Q 55. c6 Qb2# 0-1

[Event "23rd Hampstead: U2200"]
[Site "London, England"]
[Date "2014.11.29"]
[Round "1"]
[White "Brozel, Sacha"]
[Black "Remus Eliot, Luke"]
[Result "1-0"]
[WhiteElo "1799"]
[BlackElo "1423"]

1. d4 Nf6 2. c4 g6 3. g3 Bg7 4. Bg2 d6 5. Nc3 c6 6. Nf3 a6 7. O-O b5 8. Nd2 b4
9. Nce4 Nxe4 10. Nxe4 f5 11. Ng5 h6 12. Nf3 g5 13. Re1 g4 14. Nh4 d5 15. cxd5
cxd5 16. Ng6 Rg8 17. Nf4 e6 18. e3 a5 19. h3 Bf6 20. hxg4 fxg4 21. e4 dxe4 22.
Rxe4 Ra6 23. Qe2 Qd6 24. Be3 Kf7 25. Nh5 Bh8 26. Bf4 Qb6 27. Rc1 Nc6 28. Qd3
Nxd4 29. Rc7+ Ke8 30. Rxc8+ Kf7 31. Rxg8 Kxg8 32. Be3 e5 33. Bxd4 exd4 34.
Qc4+ Kf8 35. Qc8+ Kf7 36. Qe8# 1-0

[Event "23rd Hampstead: U2200"]
[Site "London, England"]
[Date "2014.11.29"]
[Round "1"]
[White "Desai, Nilomi"]
[Black "Finnegan, Oliver"]
[Result "0-1"]
[WhiteElo "1405"]
[BlackElo "1760"]

1. d4 Nf6 2. Nf3 e6 3. c4 Bb4+ 4. Bd2 Qe7 5. Qb3 Nc6 6. a3 Bxd2+ 7. Nbxd2 d6
8. e4 e5 9. d5 Nb8 10. Bd3 Nbd7 11. O-O a5 12. Rac1 Nc5 13. Qc3 a4 14. Ra1 O-O
15. b4 axb3 16. Nxb3 Nfd7 17. Rfe1 Nxb3 18. Qxb3 Nc5 19. Qc3 Bd7 20. Re3 Ra7
21. Nd2 Rfa8 22. Rg3 f6 23. Be2 Qf7 24. Bg4 Bxg4 25. Rxg4 Ra4 26. f4 Qh5 27.
h3 Kf8 28. fxe5 Qxe5 29. Qxe5 dxe5 30. Rg3 b6 31. Kf1 Na6 32. Ke1 g6 33. Kd1
Nc5 34. Kc2 Ke7 35. Re3 R4a5 36. g4 b5 37. h4 b4 38. Nb3 Rxa3 39. Rxa3 Rxa3
40. g5 fxg5 41. hxg5 Kd6 42. Kb2 Na4+ 43. Kc2 Ra2+ 44. Kb1 Rg2 45. Rh3 Rxg5
46. Rxh7 Rg2 47. Rh3 Nc3+ 48. Kc1 Nxe4 49. Na5 Nc5 50. Rh8 Nd3+ 51. Kd1 Nb2+
52. Kc1 Kc5 53. Rc8 Kb6 54. c5+ Kxc5 55. Nb3+ Kxd5 56. Rxc7 Nd3+ 57. Kd1 e4
58. Rd7+ Ke5 59. Nd2 Rxd2+ 60. Kxd2 b3 61. Re7+ Kf5 62. Rf7+ Ke5 63. Rb7 b2
64. Kc2 g5 65. Rb5+ Kf6 66. Rb6+ Kf5 67. Rb5+ Kf4 68. Rb8 g4 69. Rf8+ Ke3 70.
Rg8 Kf3 71. Rf8+ Kg2 72. Rg8 g3 73. Re8 Kf2 74. Rxe4 g2 75. Rg4 g1=Q 76. Rxg1
Kxg1 77. Kb1 Kf2 78. Kc2 Ke2 79. Kb1 Kd1 80. Ka2 Kc2 81. Ka3 b1=Q 82. Ka4 Qb4#
0-1

[Event "23rd Hampstead: U2200"]
[Site "London, England"]
[Date "2014.11.29"]
[Round "1"]
[White "Jain, Gautam"]
[Black "Gaudeau, Alain"]
[Result "1-0"]
[WhiteElo "1755"]
[BlackElo "1392"]

1. e4 c6 2. d4 d5 3. Nc3 dxe4 4. Nxe4 Bf5 5. Ng3 Bg6 6. h4 h6 7. h5 Bh7 8. Nf3
e6 9. Bf4 Nf6 10. Bd3 Bxd3 11. Qxd3 Be7 12. O-O O-O 13. c4 Nbd7 14. Rad1 Rc8
15. Rfe1 Bb4 16. Re2 Be7 17. a3 Re8 18. Ne5 Nb6 19. Nxf7 Kxf7 20. Qg6+ Kg8 21.
Bxh6 Bf8 22. Bg5 Qe7 23. Nf5 exf5 24. Rxe7 Bxe7 25. h6 Bf8 26. Bxf6 Re6 27.
h7+ Kh8 28. Qf7 Kxh7 29. Qxe6 gxf6 30. Qxf5+ Kg7 31. c5 Rd8 32. Qg4+ Kf7 33.
cxb6 axb6 34. Qh5+ Kg7 35. d5 c5 36. Qg4+ Kf7 37. Qe6+ Kg7 38. Rd3 Bd6 39. g3
c4 40. Re3 b5 41. Qg4+ Kf7 42. Qh5+ Kg7 43. Re8 Rxe8 44. Qxe8 Be5 45. d6 Bxb2
46. Qe7+ Kg6 47. Qe4+ f5 48. Qe6+ Bf6 49. d7 c3 50. d8=R c2 51. Rg8+ Kh5 52.
Qxf5+ {#r} 1-0

[Event "23rd Hampstead: U2200"]
[Site "London, England"]
[Date "2014.11.29"]
[Round "1"]
[White "Murugesh, Kishore"]
[Black "Norman, Nigel"]
[Result "0-1"]
[WhiteElo "1360"]
[BlackElo "1735"]

1. e4 d5 2. exd5 Nf6 3. c4 e6 4. Nc3 exd5 5. d4 c6 6. Nf3 Be7 7. Bd3 Bg4 8.
cxd5 cxd5 9. O-O Nc6 10. Be3 O-O 11. Be2 a6 12. Re1 Rc8 13. Rc1 Re8 14. a3 Na5
15. Ne5 Bxe2 16. Rxe2 Nc4 17. Nxc4 dxc4 18. Qa4 Qd6 19. Na2 Ng4 20. g3 b5 21.
Qd1 Nxe3 22. fxe3 Bg5 23. Rc3 Re4 24. Nb4 a5 25. Na2 b4 26. axb4 axb4 27. Qc2
Qe6 28. Nxb4 Rxe3 29. Rcxe3 Bxe3+ 30. Kf1 Qf6+ 31. Ke1 Qxd4 32. Qf5 Rd8 33.
Qc2 Bg5 34. Nc6 Qg1# 0-1

[Event "23rd Hampstead: U2200"]
[Site "London, England"]
[Date "2014.11.29"]
[Round "1"]
[White "Anilkumar, Anantha P"]
[Black "Mospan, Edward"]
[Result "1/2-1/2"]
[WhiteElo "1727"]
[BlackElo "1259"]

1. e4 a6 2. Nf3 e6 3. d4 b5 4. Bd3 Be7 5. O-O Bb7 6. a4 b4 7. c3 Nc6 8. Bd2
bxc3 9. Bxc3 Bb4 10. d5 Bxc3 11. dxc6 Bxb2 12. cxb7 Bxa1 13. bxa8=Q Qxa8 14.
Qe2 Bf6 15. e5 Be7 16. Bxa6 Nh6 17. Nc3 O-O 18. Bd3 d5 19. exd6 cxd6 20. Qe4
Qxe4 21. Nxe4 d5 22. Ng3 Bb4 23. Rb1 Bc3 24. h3 g6 25. Rb3 Ba5 26. Ne5 Rc8 27.
Bb5 Rc1+ 28. Kh2 Rc2 29. Nd3 Kg7 30. Rb2 Rc7 31. Nb4 Rc1 32. Rc2 Rd1 33. Nc6
Bc7 34. a5 Ra1 35. a6 Bb6 36. Rb2 Ng8 37. Bd3 Bc5 38. Bb1 Rxa6 39. Nb8 Rd6 40.
Bd3 Bd4 41. Ra2 Nf6 42. f4 Rb6 43. Na6 Rb3 44. Bc2 Re3 45. Ra4 Bb6 46. Ra1 h5
47. Nf1 Rc3 48. Ra2 h4 49. Nb4 Nh5 50. Nd3 Bc7 51. Kg1 {#d} 1/2-1/2

[Event "23rd Hampstead: U2200"]
[Site "London, England"]
[Date "2014.11.29"]
[Round "1"]
[White "Gee Grant, Aimee"]
[Black "Davies, Cledwyn"]
[Result "0-1"]
[WhiteElo "1225"]
[BlackElo "1727"]

1. e4 d5 2. d3 dxe4 3. dxe4 Qxd1+ 4. Kxd1 e5 5. Nf3 Bg4 6. Be2 Nc6 7. h3
O-O-O+ 8. Bd2 Bxf3 9. Bxf3 Bc5 10. Bg4+ Kb8 11. Rf1 Nf6 12. f3 h5 13. Bxh5
Nxh5 14. Kc1 Ng3 15. Re1 Bf2 16. Nc3 Bxe1 17. Bxe1 Nf1 18. b3 Ne3 19. Bd2 Nxg2
20. Ne2 Rxh3 21. Bc3 Rh1+ 22. Kb2 Rxa1 23. Kxa1 Rd1+ 24. Kb2 Rf1 25. Ng3 Rxf3
26. Nh5 g6 27. Ng7 Re3 28. Bd2 Rxe4 29. Bc3 Re2 30. a4 Ne3 31. Ka3 Nxc2+ 32.
Ka2 N6b4+ 33. Kb1 Na3+ 34. Kc1 Rc2+ 35. Kd1 Rxc3 36. Ne8 Rf3 37. Ke2 e4 38. a5
g5 39. Ng7 g4 40. Nh5 g3 41. Nxg3 Rxg3 42. Kf2 Rxb3 43. Ke2 c5 44. a6 Rd3 45.
axb7 c4 46. Ke1 c3 47. Ke2 c2 48. Kf2 c1=Q 49. Ke2 Qc2+ 50. Ke1 Rd1# 0-1

[Event "23rd Hampstead: U2200"]
[Site "London, England"]
[Date "2014.11.29"]
[Round "2"]
[White "Jaunooby, Ali R"]
[Black "Landau, Jonathan"]
[Result "1-0"]
[WhiteElo "2175"]
[BlackElo "1966"]

1. d4 d5 2. Bf4 c5 3. e3 Nc6 4. c3 e6 5. Nf3 Bd6 6. Bg3 Nge7 7. Bd3 Nf5 8.
Bxf5 exf5 9. dxc5 Bxc5 10. Nbd2 Be6 11. Nb3 Bd6 12. Qd3 Bxg3 13. hxg3 Qc7 14.
Nbd4 g6 15. Ng5 Ne5 16. Qb5+ Qd7 17. O-O-O O-O-O 18. Qxd7+ Bxd7 19. f4 h6 20.
Ngf3 Ng4 21. Rhe1 Rhe8 22. Nc2 Bb5 23. Rd2 Re7 24. Rd4 Bc6 25. Kd2 Nf2 26. Kc1
Ne4 27. Ne5 Nxg3 28. Nb4 Kc7 29. c4 a5 30. Nxd5+ Bxd5 31. cxd5 Ne4 32. g4 Nd6
33. gxf5 Nxf5 34. Rc4+ Kb6 35. e4 Nd6 36. Rd4 g5 37. Nf3 Nb5 38. Rd2 gxf4 39.
e5 Rc7+ 40. Kd1 Rc4 41. Rh1 Nc7 42. Rxh6+ Kc5 43. b3 Rc3 44. Ng5 Re3 45. d6
Nd5 46. Nxf7 Rg8 47. d7 Nb4 48. Rh1 Nc6 49. Re1 Rxe1+ 50. Kxe1 f3 51. Rc2+ Kd5
52. Rxc6 bxc6 53. d8=Q+ Rxd8 54. Nxd8 c5 55. e6 Kd6 56. Kf2 Ke7 57. Nc6+ Kxe6
58. Nxa5 Kd5 59. Kxf3 Kd4 60. Nc4 {#r} 1-0

[Event "23rd Hampstead: U2200"]
[Site "London, England"]
[Date "2014.11.29"]
[Round "2"]
[White "Grieve, Harry"]
[Black "Dignam, Matthew"]
[Result "0-1"]
[WhiteElo "1882"]
[BlackElo "2136"]

1. e4 d6 2. d4 Nf6 3. Nc3 c6 4. Bg5 Nbd7 5. Nf3 e5 6. dxe5 dxe5 7. Qd2 Bb4 8.
O-O-O Qa5 9. Bxf6 Nxf6 10. Bc4 Nxe4 11. Qe3 Nxc3 12. bxc3 Ba3+ 13. Kb1 f6 14.
Rhe1 Bc5 15. Qd3 Be7 16. Nxe5 fxe5 17. Qf3 Bf6 18. Rd6 Ke7 19. Rxf6 gxf6 20.
Qg3 Kd6 21. Qg7 Qxc3 22. Rd1+ Kc5 23. Bb3 Re8 24. Qc7 Be6 25. Qd6+ Kb6 26.
Bxe6 Qc5 27. Bf5 Rad8 28. Qxc5+ Kxc5 29. Kc1 Rxd1+ 30. Kxd1 h6 31. Kd2 Kb4 32.
c3+ Ka3 33. Kc2 Kxa2 34. Bg6 Re7 35. g3 b5 36. Be4 c5 {#R} 0-1